| 000 | 00675nam a2200205 i 4500 | ||
|---|---|---|---|
| 001 | 56645 | ||
| 003 | ES-MaACL | ||
| 005 | 20230906163421.0 | ||
| 007 | t| | ||
| 008 | 031010s1972 sp ||||1| spa d | ||
| 100 | 1 |
_aDiederich, Bernard. _944532 |
|
| 245 | 1 | 0 |
_aPapa Doc y los Tontons Mocoutes _b: la verdad sobre Haiti / _cBernard Diederich y Al Burt ; prefacio de Graham Greene ; [traducción de Justo G. Beramendi]. |
| 250 | _a[1ª ed.]. | ||
| 260 |
_a[Barcelona] : _bAymá, _c[1972] |
||
| 300 |
_a393 p. ; _c20 cm. |
||
| 700 | 1 |
_aBurt, Al. _932781 |
|
| 700 | 1 |
_aGreene, Graham. _959856 |
|
| 700 | 1 |
_aBeramendi, Justo G. _927820 |
|
| 852 |
_aES-MaACL _jC-51665 _bR.83696 |
||
| 999 |
_c56645 _d56645 |
||